[Event "2nd Cambridge Int Open"]
[Site "Cambridge ENG"]
[Date "2024.02.23"]
[Round "8.12"]
[White "Ghasi, Ameet K"]
[Black "Jermy, Jaden"]
[Result "1-0"]
[WhiteTitle "IM"]
[WhiteElo "2509"]
[BlackElo "1968"]
[WhiteFideId "409200"]
[BlackFideId "459496"]
[EventDate "2024.02.19"]

1. Nf3 Nf6 2. g3 d5 3. Bg2 e6 4. O-O Be7 5. d3 O-O 6. Nbd2 c5 7. e4 Nc6 8. Re1
b5 9. e5 Nd7 10. Nf1 Qc7 11. Bf4 Bb7 12. h4 Nd4 13. Nxd4 cxd4 14. Qg4 Rfc8 15.
Re2 Bf8 16. Nh2 g6 17. h5 Bg7 18. hxg6 hxg6 19. Nf3 Qc5 20. Rae1 Rc6 21. Bg5 Ra6
22. Nxd4 Re8 23. a3 Ra4 24. c3 a5 25. Bd2 b4 26. axb4 axb4 27. cxb4 Qb6 28. Qf4
Bf8 29. b3 Ra2 30. Nf3 Be7 31. Be3 Qa6 32. b5 Qa3 33. Rxa2 Qxa2 34. Qa4 Ra8 35.
Qxa2 Rxa2 36. Rc1 Bd8 37. Bf1 Ra5 38. d4 Ra3 39. Rb1 Kf8 40. Ne1 Ke8 41. Nd3 Bc7
42. Nc5 Nxc5 43. dxc5 Bxe5 44. c6 Ba8 45. f4 Bd6 46. Bd3 g5 47. Kf2 gxf4 48.
gxf4 Kd8 49. Kf3 Kc7 50. Bd4 Be7 51. b6+ Kxc6 52. Rc1+ Kd7 53. Rc7+ Kd8 54. Rxe7
Rxb3 55. Ra7 Rxd3+ 56. Ke2 Rb3 57. Rxa8+ Kd7 58. Ra7+ Kd6 59. Rxf7 1-0

[Event "2nd Cambridge Int Open"]
[Site "Cambridge ENG"]
[Date "2024.02.23"]
[Round "8.13"]
[White "Golubovic, Boris"]
[Black "Hutchinson, Paul A"]
[Result "1-0"]
[WhiteTitle "IM"]
[WhiteElo "2342"]
[BlackElo "2005"]
[WhiteFideId "14502160"]
[BlackFideId "411558"]
[EventDate "2024.02.19"]

1. d4 Nf6 2. Nf3 g6 3. c4 Bg7 4. Nc3 O-O 5. g3 c6 6. Bg2 a6 7. O-O d6 8. h3 Nbd7
9. e4 Qc7 10. Be3 b5 11. e5 Ne8 12. exd6 Nxd6 13. c5 Nc4 14. Bc1 e5 15. b3 Na5
16. Be3 Nb7 17. b4 a5 18. a3 Re8 19. d5 axb4 20. axb4 Rxa1 21. Qxa1 cxd5 22.
Nxd5 Qd8 23. Qa7 Ndxc5 24. bxc5 Qxd5 25. Ng5 e4 26. Nxe4 Qe6 27. Ng5 Qe7 28. Rd1
h6 29. c6 hxg5 30. cxb7 Bxb7 31. Qxb7 Qa3 32. Qxb5 Rxe3 33. fxe3 Qxe3+ 34. Kh1
Qxg3 35. Qe8+ Kh7 36. Qxf7 g4 37. Rd7 Qe1+ 38. Qf1 Qe6 39. Rd3 Be5 40. Bd5 Qa6
41. hxg4 Kh6 42. Rh3+ 1-0

[Event "2nd Cambridge Int Open"]
[Site "Cambridge ENG"]
[Date "2024.02.23"]
[Round "8.14"]
[White "Pozzari, Simone"]
[Black "Ward, Ieuan C"]
[Result "0-1"]
[WhiteElo "2290"]
[BlackElo "2028"]
[WhiteFideId "2831282"]
[BlackFideId "406627"]
[EventDate "2024.02.19"]

1. d4 Nf6 2. c4 e6 3. g3 d5 4. Bg2 Be7 5. Nf3 O-O 6. O-O Nbd7 7. Qc2 b6 8. cxd5
exd5 9. Bf4 c5 10. dxc5 bxc5 11. Nc3 Bb7 12. Rfd1 d4 13. Nb5 Qb6 14. Na3 Be4 15.
Qd2 Qb7 16. Nc4 Qd5 17. Rac1 Nb6 18. b3 Nxc4 19. Rxc4 Qb7 20. Bg5 Nd5 21. Bxe7
Qxe7 22. Nxd4 Nb6 23. Bxe4 Nxc4 24. Nf5 Qxe4 25. Qg5 g6 26. Nh6+ Kg7 27. Ng4 Qf5
28. Qh6+ Kh8 29. h3 Ne5 30. e4 Qe6 0-1

[Event "2nd Cambridge Int Open"]
[Site "Cambridge ENG"]
[Date "2024.02.23"]
[Round "8.15"]
[White "Dishman, Stephen"]
[Black "Rushbrooke, Remy"]
[Result "1/2-1/2"]
[WhiteTitle "FM"]
[WhiteElo "2273"]
[BlackElo "2049"]
[WhiteFideId "403024"]
[BlackFideId "443590"]
[EventDate "2024.02.19"]

1. d4 f5 2. Bg5 h6 3. Bh4 g5 4. e3 Nf6 5. Bg3 Bg7 6. Nc3 d6 7. h4 g4 8. h5 Nc6
9. Bc4 a6 10. Nge2 b5 11. Bb3 e5 12. dxe5 dxe5 13. Qxd8+ Kxd8 14. O-O-O+ Ke8 15.
Nd5 Nxd5 16. Bxd5 Bd7 17. Bf7+ Kxf7 18. Rxd7+ Ne7 19. Bh4 Bf6 20. Bxf6 Kxf6 21.
Rxc7 Rac8 22. Rxc8 Rxc8 23. Rd1 Ke6 24. Ng3 Nd5 25. Nxf5 Nb4 26. e4 Rxc2+ 27.
Kb1 Re2 28. a3 Rxe4 29. Ng3 Rf4 30. axb4 Rxf2 31. Rg1 Kd5 32. Ka2 Kd4 33. Re1
Rxg2 34. Nf5+ Kd3 35. Rxe5 Re2 36. Rc5 Re6 37. Rc1 Ke4 38. Rf1 Rf6 39. Ng3+ Ke5
40. Re1+ Kf4 41. Rf1+ Ke5 42. Rg1 Rf2 43. Kb3 Kf4 44. Ne4 Kxe4 45. Rxg4+ Ke5 46.
Kc3 Rf3+ 47. Kc2 Rh3 48. Rg6 Rxh5 49. Rxa6 Kd4 50. Rc6 Kd5 1/2-1/2

[Event "2nd Cambridge Int Open"]
[Site "Cambridge ENG"]
[Date "2024.02.23"]
[Round "8.34"]
[White "Hebden, Mark L"]
[Black "Mata, Adilson"]
[Result "1-0"]
[WhiteTitle "GM"]
[WhiteElo "2416"]
[BlackElo "1924"]
[WhiteFideId "400084"]
[BlackFideId "1901389"]
[EventDate "2024.02.19"]

1. Nf3 d5 2. g3 Nf6 3. Bg2 e6 4. O-O Be7 5. d3 O-O 6. Nbd2 b6 7. e4 dxe4 8. dxe4
Ba6 9. Re1 Qc8 10. c3 Rd8 11. e5 Nfd7 12. b4 Nf8 13. a4 Bb7 14. Qe2 a5 15. b5
Ng6 16. h4 Bf8 17. Nc4 Nd7 18. h5 Ne7 19. Bg5 h6 20. Bh4 Nc5 21. Nd4 Bxg2 22.
Kxg2 Rd7 23. Bxe7 Bxe7 24. Nc6 Qe8 25. Red1 Rxd1 26. Qxd1 Nb7 27. Qf3 Bc5 28.
Rd1 Bf8 29. Rd4 Nc5 30. Nd2 Rc8 31. Ne4 Nxe4 32. Qxe4 Bc5 33. Rd3 Kh8 34. Qf3
Kg8 35. Qd1 Kf8 36. f4 Kg8 37. g4 Bf8 38. Qf3 Be7 39. Kf1 Bc5 40. Ke2 Bf8 41.
Kd1 Bc5 42. Kc2 Bf8 43. f5 Bc5 44. f6 Bf8 45. Qf4 Kh7 46. g5 hxg5 47. Qxg5 gxf6
48. exf6 Bh6 49. Qe5 Qg8 50. Rg3 Qf8 51. Ne7 Rd8 52. Rg8 Qxg8 53. Nxg8 Rd2+ 54.
Kb3 Kxg8 55. Qg3+ 1-0

[Event "2nd Cambridge Int Open"]
[Site "Cambridge ENG"]
[Date "2024.02.23"]
[Round "8.41"]
[White "Latypova, Olga L"]
[Black "Iyengar, Ilya"]
[Result "0-1"]
[WhiteElo "1684"]
[BlackElo "1972"]
[WhiteFideId "472476"]
[BlackFideId "405949"]
[EventDate "2024.02.19"]

1. e4 c5 2. Nf3 e6 3. Nc3 Nc6 4. d4 cxd4 5. Nxd4 d6 6. Be3 Nf6 7. Be2 a6 8. O-O
Qc7 9. a3 Be7 10. Kh1 O-O 11. f4 Re8 12. f5 Nxd4 13. Bxd4 b5 14. g4 Bb7 15. Bf3
e5 16. Bf2 Qc4 17. Re1 Rad8 18. Bb6 Rc8 19. g5 Nd7 20. Be3 Qc7 21. Rg1 g6 22. f6
Bf8 23. Qe1 d5 24. exd5 e4 25. Bg4 Rcd8 26. Bxd7 Rxd7 27. Qh4 Bxd5 28. Nxd5 Rxd5
29. Rg3 Qxc2 30. Rag1 Rd1 31. Rh3 h5 32. gxh6 Kh7 33. Qf2 Rxg1+ 34. Kxg1 Qd1+
35. Kg2 Rc8 36. Qf1 Rc2+ 37. Bf2 Qd2 38. Kg1 Rc1 0-1

[Event "2nd Cambridge Int Open"]
[Site "Cambridge ENG"]
[Date "2024.02.23"]
[Round "8.42"]
[White "Redman, David J"]
[Black "Maton, Emily"]
[Result "1/2-1/2"]
[WhiteElo "1971"]
[BlackElo "1703"]
[WhiteFideId "421782"]
[BlackFideId "343120293"]
[EventDate "2024.02.19"]

1. d4 e6 2. c4 d5 3. Nf3 Nf6 4. Nc3 c5 5. cxd5 Nxd5 6. e4 Nxc3 7. bxc3 cxd4 8.
cxd4 Bb4+ 9. Bd2 Bxd2+ 10. Qxd2 O-O 11. Be2 b6 12. O-O Bb7 13. Qf4 Nc6 14. e5
Ne7 15. Rfd1 Ng6 16. Qg4 Bd5 17. Ng5 h6 18. Ne4 Bxe4 19. Qxe4 Qh4 20. Qxh4 Nxh4
21. d5 1/2-1/2

[Event "2nd Cambridge Int Open"]
[Site "Cambridge ENG"]
[Date "2024.02.23"]
[Round "8.43"]
[White "Wynarczyk, Raymond"]
[Black "Myall, Ivan J"]
[Result "1-0"]
[WhiteElo "1712"]
[BlackElo "1951"]
[WhiteFideId "415081"]
[BlackFideId "425168"]
[EventDate "2024.02.19"]

1. e4 e5 2. Nf3 Nc6 3. Bc4 Bc5 4. c3 Nf6 5. d3 d6 6. Bb3 h6 7. h3 a6 8. O-O Ba7
9. Nbd2 O-O 10. Qe2 b5 11. Rd1 Na5 12. Bc2 c5 13. Nf1 Nc6 14. Ng3 Nh7 15. Be3
Qc7 16. Nh4 Ne7 17. Nhf5 Nxf5 18. Nxf5 Bxf5 19. exf5 d5 20. Qg4 Kh8 21. Rac1 d4
22. cxd4 cxd4 23. Bb3 Qe7 24. Bd2 Nf6 25. Qh4 Rac8 26. a3 Bc5 27. g4 Ng8 28. g5
g6 29. f6 Qd7 30. gxh6 Kh7 31. Re1 Bd6 32. Bg5 a5 33. Kg2 Qb7+ 34. Qe4 Qxe4+ 35.
dxe4 Nxh6 36. Rxc8 Rxc8 37. Rc1 Rxc1 38. Bxc1 g5 39. Bxg5 b4 40. axb4 axb4 41.
f4 exf4 42. e5 Bxe5 43. Bc2+ Kg8 44. Bxh6 Bxf6 45. b3 Be5 46. Kf3 d3 47. Bxd3
Bc3 48. Bxf4 f6 49. Ke2 Bd4 50. Be3 Be5 51. Bd2 Bd6 52. Ke3 Kf7 53. Kd4 Ke6 54.
Kc4 f5 55. Bxb4 Bc7 56. Kd4 Kf6 57. Bd2 Bb6+ 58. Kd5 Bc7 59. Bc3+ Kg5 60. Be5
Bb6 61. Bg3 f4 62. Be1 f3 63. Bg3 f2 64. Ke4 Kf6 65. Kf3 Ke6 66. Bxf2 Bd8 67. h4
Kd5 68. Kg4 Ba5 69. Be3 Bc3 70. Kf5 Bb2 71. h5 Bc3 72. h6 Be5 73. Bc4+ Kd6 74.
Bc5+ 1-0

[Event "2nd Cambridge Int Open"]
[Site "Cambridge ENG"]
[Date "2024.02.23"]
[Round "8.44"]
[White "Evans, Ruben"]
[Black "Reynolds, D Ian W"]
[Result "1/2-1/2"]
[WhiteElo "1647"]
[BlackElo "1951"]
[WhiteFideId "472018"]
[BlackFideId "410705"]
[EventDate "2024.02.19"]

1. d4 Nf6 2. c4 e6 3. Nf3 b6 4. a3 Bb7 5. Nc3 Be7 6. Bg5 Ne4 7. Bxe7 Qxe7 8. Qc2
f5 9. e3 d6 10. Bd3 Nxc3 11. Qxc3 Nd7 12. O-O O-O 13. Nd2 Nf6 14. f3 Rae8 15. e4
fxe4 16. fxe4 e5 17. d5 Bc8 18. Be2 Bg4 19. Bxg4 Nxg4 20. h3 Nf6 21. Kh2 Nh5 22.
Qe3 Rxf1 23. Rxf1 Rf8 24. Rf3 Rxf3 25. Nxf3 g6 26. b4 Ng7 27. c5 dxc5 28. bxc5
bxc5 29. Qc3 Ne8 30. Nxe5 Nf6 31. Nc6 Qf7 32. Qe5 c4 33. Nd8 Qf8 34. Qxc7 Nxe4
35. Nb7 Qxa3 36. Qe5 1/2-1/2

[Event "2nd Cambridge Int Open"]
[Site "Cambridge ENG"]
[Date "2024.02.23"]
[Round "8.45"]
[White "Orton, Stephen L A"]
[Black "Berkley, Stephen W"]
[Result "1-0"]
[WhiteElo "2154"]
[BlackElo "1667"]
[WhiteFideId "414921"]
[BlackFideId "486850"]
[EventDate "2024.02.19"]

1. e4 e6 2. d4 d5 3. Nd2 Nf6 4. e5 Nfd7 5. c3 c5 6. Bd3 Nc6 7. Ngf3 Rb8 8. O-O
b5 9. Re1 Be7 10. Nf1 b4 11. Ng3 g6 12. Bh6 bxc3 13. bxc3 cxd4 14. cxd4 Nb4 15.
Bf1 Bf8 16. Bxf8 Kxf8 17. a3 Nc6 18. Qc1 Rb6 19. Qh6+ Ke7 20. Rab1 Qf8 21. Qg5+
f6 22. exf6+ Qxf6 23. Rbc1 Qxg5 24. Nxg5 Nf6 25. Ne2 Bd7 26. g3 Rb3 27. Nxe6
Bxe6 28. Rxc6 Ne4 29. Nf4 1-0

[Event "2nd Cambridge Int Open"]
[Site "Cambridge ENG"]
[Date "2024.02.23"]
[Round "8.46"]
[White "Alderson, John K A"]
[Black "Pert, Nina"]
[Result "0-1"]
[BlackTitle "WCM"]
[WhiteElo "1788"]
[BlackElo "2010"]
[WhiteFideId "422711"]
[BlackFideId "456853"]
[EventDate "2024.02.19"]

1. c4 e5 2. Nc3 Nc6 3. g3 f5 4. Bg2 Nf6 5. d3 Bb4 6. a3 Bxc3+ 7. bxc3 d6 8. Nf3
O-O 9. O-O Qe8 10. e3 Qh5 11. Nh4 Qh6 12. f4 e4 13. Rb1 Kh8 14. Re1 a6 15. a4
Na5 16. Bf1 Be6 17. d4 b6 18. d5 Bd7 19. Ba3 Nb7 20. Bb4 Rf7 21. Ra1 a5 22. Ba3
Rg8 23. Ra2 Nd8 24. Bc1 Re7 25. Bh3 g6 26. Qe2 Nf7 27. Qf1 Ree8 28. Ree2 Rc8 29.
Qd1 Qg7 30. Qd4 h5 31. Rf2 Nh6 32. Kf1 Kh7 33. Ke1 Qe7 34. Kd1 Rb8 35. Kc2 Rgc8
36. Kb3 c6 37. Kc2 Qf7 38. Kd1 cxd5 39. cxd5 Nxd5 40. c4 Rxc4 41. Qxc4 Nxe3+ 42.
Bxe3 Qxc4 43. Bf1 Qb3+ 0-1

[Event "2nd Cambridge Int Open"]
[Site "Cambridge ENG"]
[Date "2024.02.23"]
[Round "8.47"]
[White "Volovich, Julia"]
[Black "Prince, Alan R"]
[Result "1-0"]
[WhiteElo "1983"]
[BlackElo "1641"]
[WhiteFideId "447099"]
[BlackFideId "2402165"]
[EventDate "2024.02.19"]

1. d4 Nf6 2. c4 g6 3. Nc3 Bg7 4. e4 d6 5. Nf3 O-O 6. Be3 Ng4 7. Bg5 h6 8. Bc1 c5
9. h3 Nf6 10. Be2 Nc6 11. d5 Nb4 12. O-O e5 13. dxe6 fxe6 14. e5 Ne8 15. Be3 b6
16. Qd2 Nc6 17. Bxh6 Qe7 18. Bg5 Qd7 19. exd6 Qxd6 20. Bd3 e5 21. Be4 Bb7 22.
Bd5+ Kh8 23. Nh4 Nc7 24. Ne4 Qd7 25. Nxg6+ Kh7 1-0

[Event "2nd Cambridge Int Open"]
[Site "Cambridge ENG"]
[Date "2024.02.23"]
[Round "8.48"]
[White "Spanton, Tim R"]
[Black "Gooding, Ian"]
[Result "1/2-1/2"]
[WhiteElo "1766"]
[BlackElo "1910"]
[WhiteFideId "404802"]
[BlackFideId "406864"]
[EventDate "2024.02.19"]

1. e4 e6 2. d4 d5 3. exd5 exd5 4. Nf3 Nc6 5. Bd3 Bg4 6. c3 Bd6 7. O-O Qd7 8.
Re1+ Nge7 9. Nbd2 O-O 10. Qc2 Bf5 11. Nf1 Bxd3 12. Qxd3 Ng6 13. Ng3 Rfe8 14. Bd2
a6 15. Qf5 Qxf5 16. Nxf5 Bf8 17. h4 Nge7 18. Nxe7+ Nxe7 19. Re2 Nf5 20. Rae1 Nd6
21. Rxe8 Rxe8 22. Rxe8 Nxe8 23. Bf4 c6 24. a4 f6 25. Kf1 Nd6 26. Bxd6 Bxd6 27.
Ke2 Kf7 28. Ne1 Ke6 1/2-1/2

[Event "2nd Cambridge Int Open"]
[Site "Cambridge ENG"]
[Date "2024.02.23"]
[Round "8.49"]
[White "Chan, Michelle (Ngo Yu)"]
[Black "McMahon, Paul"]
[Result "1/2-1/2"]
[WhiteElo "1681"]
[BlackElo "1862"]
[WhiteFideId "66202299"]
[BlackFideId "408212"]
[EventDate "2024.02.19"]

1. e4 d5 2. exd5 Nf6 3. Nf3 Nxd5 4. d4 Bf5 5. c4 Nb6 6. Nc3 e6 7. Be2 Be7 8. O-O
O-O 9. Bf4 c6 10. a4 N8d7 11. a5 Nc8 12. c5 e5 13. Nxe5 Nxe5 14. Bxe5 Be6 15.
Bf3 Bf6 16. a6 Qd7 17. Bxf6 gxf6 18. Qa4 Ne7 19. d5 Nxd5 20. Nxd5 Bxd5 21. Bxd5
Qxd5 22. axb7 Rab8 23. Qxa7 Qd7 24. Rfd1 Qxb7 25. Qxb7 Rxb7 26. Rab1 Rfb8 27.
Rd2 Rb5 28. Rc2 Kf8 29. f3 Ke7 30. Kf2 Ke6 31. Ke3 Rb3+ 32. Kf2 R8b7 33. Kg3 Kf5
34. Kh4 R3b4+ 35. Kh5 Rb8 36. Kh6 Rg8 37. g3 Rg6+ 38. Kxh7 Rb8 39. Re2 Rbg8 40.
b4 R6g7+ 41. Kh6 Rg6+ 42. Kh7 R6g7+ 43. Kh6 1/2-1/2

[Event "2nd Cambridge Int Open"]
[Site "Cambridge ENG"]
[Date "2024.02.23"]
[Round "8.50"]
[White "Blauhut, Anna"]
[Black "De Coverly, Roger D"]
[Result "1/2-1/2"]
[WhiteElo "1532"]
[BlackElo "1852"]
[WhiteFideId "1550128"]
[BlackFideId "405213"]
[EventDate "2024.02.19"]

1. e4 e5 2. Nf3 Nc6 3. Bc4 Nf6 4. d3 Be7 5. O-O O-O 6. c3 d6 7. a4 Kh8 8. h3 Ng8
9. b4 f5 10. exf5 Bxf5 11. Be3 Nf6 12. Qe2 Qd7 13. Nbd2 d5 14. Bb5 Bd6 15. Nb3
a6 16. Nc5 Qf7 17. Bxc6 bxc6 18. a5 Nd7 19. Rfe1 h6 20. Nxd7 Bxd7 21. Qd2 Qg6
22. Qe2 Bxh3 23. Nh4 Qf6 24. Qh5 Bf5 25. Nxf5 Qxf5 26. Qxf5 Rxf5 27. f3 Raf8 28.
Re2 Kh7 29. Rae1 R8f7 30. Bf2 d4 31. cxd4 exd4 32. Rc1 c5 33. bxc5 Rxc5 34. Rxc5
Bxc5 35. Re5 Bd6 36. Rd5 Kg6 37. Bxd4 h5 38. Bc5 Rf5 39. Rxf5 Kxf5 40. Bxd6 cxd6
41. Kf2 h4 42. Ke3 Ke5 43. f4+ Kf5 44. Kf3 d5 45. g3 hxg3 46. Kxg3 g5 47. fxg5
Kxg5 48. Kf3 Kf5 49. Ke3 Ke5 50. d4+ Kf5 51. Kf3 1/2-1/2

[Event "2nd Cambridge Int Open"]
[Site "Cambridge ENG"]
[Date "2024.02.23"]
[Round "8.51"]
[White "Bay-Petersen, Ole"]
[Black "Smart, Michael R"]
[Result "1/2-1/2"]
[WhiteElo "1672"]
[BlackElo "1943"]
[WhiteFideId "430188"]
[BlackFideId "411370"]
[EventDate "2024.02.19"]

1. d4 Nf6 2. Nf3 d5 3. e3 a6 4. Bd3 c5 5. b3 Nc6 6. O-O Bg4 7. Bb2 cxd4 8. exd4
e6 9. Nbd2 Bd6 10. a3 Qc7 11. Qe1 O-O 12. Ne5 Bh5 13. f4 Rae8 14. c4 dxc4 15.
Ndxc4 Be7 16. Rc1 Nd5 17. b4 Bd6 18. Nxd6 Qxd6 19. Nxc6 bxc6 20. Qe5 Qxe5 21.
fxe5 a5 22. bxa5 Rb8 23. Rf2 Ne3 24. Rd2 Rfc8 25. a4 Bg6 26. Ba6 Rc7 27. Rc5 h6
28. Bb5 Rbc8 29. Be2 Be4 30. Bd3 Bxd3 31. Rxd3 Nd5 32. Rb3 Ra8 33. Bc1 Kh7 34.
Bd2 Kg6 35. Kf2 f6 36. Rg3+ Kf7 37. exf6 Kxf6 38. Rf3+ Ke7 39. Rb3 Kd6 40. Rc2 1/2-1/2

[Event "2nd Cambridge Int Open"]
[Site "Cambridge ENG"]
[Date "2024.02.23"]
[Round "8.52"]
[White "Lim, Mark ENG"]
[Black "OShea, Colm"]
[Result "1/2-1/2"]
[WhiteElo "1776"]
[BlackElo "1729"]
[WhiteFideId "417734"]
[BlackFideId "449660"]
[EventDate "2024.02.19"]

1. Nf3 d5 2. g3 c6 3. Bg2 Bg4 4. O-O Nd7 5. d4 Ngf6 6. h3 Bh5 7. c4 dxc4 8. a4
a5 9. Na3 Nb6 10. Ne5 Qc7 11. Bf4 Nfd5 12. Qd2 Nxf4 13. gxf4 e6 14. Naxc4 Nxc4
15. Nxc4 Bb4 16. Qe3 O-O 17. Kh1 Rad8 18. Rfd1 Qe7 19. f5 exf5 20. Qxe7 Bxe7 21.
Nxa5 Rd7 22. Bf3 Bxf3+ 23. exf3 Rfd8 24. Nb3 Rd5 25. Re1 Kf8 26. Re3 Bf6 27. Kg2
Bxd4 28. Nxd4 Rxd4 29. Rb3 R8d7 30. a5 f4 31. a6 bxa6 32. Rxa6 Rc7 33. Rc3 Rb4
34. b3 c5 35. Ra5 h6 36. h4 g6 37. Rcxc5 Rxc5 38. Rxc5 Rxb3 39. Re5 f6 40. Ra5
g5 41. h5 Rb7 42. Kh3 Kg7 43. Kg4 Re7 1/2-1/2

[Event "2nd Cambridge Int Open"]
[Site "Cambridge ENG"]
[Date "2024.02.23"]
[Round "8.53"]
[White "Gardner, Phillip K"]
[Black "Bowers, Francis J"]
[Result "1/2-1/2"]
[WhiteElo "1769"]
[BlackElo "1732"]
[WhiteFideId "413690"]
[BlackFideId "438383"]
[EventDate "2024.02.19"]

1. e4 e5 2. Nf3 d6 3. d4 exd4 4. Qxd4 Bd7 5. Nc3 Nc6 6. Qd1 Nf6 7. Be2 Be7 8.
O-O O-O 9. Bf4 a6 10. a3 b5 11. e5 dxe5 12. Nxe5 Nxe5 13. Bxe5 Bc6 14. Qxd8 Bxd8
15. Bd3 Nd7 16. Bg3 Nc5 17. Rad1 Nxd3 18. Rxd3 a5 19. Rfd1 b4 20. axb4 axb4 21.
Nd5 Bxd5 22. Rxd5 Bf6 23. Bxc7 Rfc8 24. Bd6 Rxc2 25. Bxb4 Rxb2 26. Bc3 Rb3 27.
Bxf6 gxf6 28. g3 Rb6 29. Kg2 Rb2 30. Rd8+ Rxd8 31. Rxd8+ Kg7 32. h4 Ra2 33. Rd5
Rb2 34. g4 Ra2 35. Rf5 Rb2 36. Kg3 Rc2 37. f3 Rb2 1/2-1/2

[Event "2nd Cambridge Int Open"]
[Site "Cambridge ENG"]
[Date "2024.02.24"]
[Round "9.1"]
[White "Haubro, Martin"]
[Black "Roberson, Peter T"]
[Result "1/2-1/2"]
[WhiteTitle "IM"]
[BlackTitle "IM"]
[WhiteElo "2421"]
[BlackElo "2426"]
[WhiteFideId "1414291"]
[BlackFideId "412384"]
[EventDate "2024.02.19"]

1. e4 c5 2. Nf3 d6 3. d4 cxd4 4. Nxd4 Nf6 5. Nc3 Nc6 6. Bg5 e6 7. Qd2 a6 8.
O-O-O Bd7 9. Kb1 Be7 10. f3 Nxd4 11. Qxd4 Qc7 12. Qd2 b5 13. Bd3 b4 14. Ne2 a5
15. g4 O-O 16. Be3 Rfb8 17. g5 Ne8 18. h4 a4 19. Rc1 Qa5 20. h5 b3 21. cxb3 axb3
22. a3 d5 23. Qxa5 Rxa5 24. e5 Bd8 25. Nd4 Bb6 26. Bd2 Rxa3 27. bxa3 Bxd4 28.
Rh4 Bxe5 29. Bf4 b2 30. Rc2 Bxf4 31. Rxf4 Rb3 32. Be2 e5 33. Rb4 Rxb4 34. axb4
Bf5 35. b5 Bxc2+ 36. Kxc2 Nd6 37. b6 f6 38. Ba6 Kf7 39. b7 Nxb7 40. Bxb7 Ke6 41.
Bc8+ Ke7 42. Bb7 Ke6 43. gxf6 Kxf6 44. Bxd5 Kg5 45. Be4 Kxh5 46. Bxh7 Kg5 47.
Kxb2 Kf4 48. Be4 g5 49. Kc3 g4 50. fxg4 Kxe4 51. g5 Kf5 52. Kd3 Kxg5 53. Ke4 Kh6
54. Kxe5 1/2-1/2

[Event "2nd Cambridge Int Open"]
[Site "Cambridge ENG"]
[Date "2024.02.24"]
[Round "9.2"]
[White "Willow, Jonah B"]
[Black "Adams, Michael"]
[Result "0-1"]
[WhiteTitle "IM"]
[BlackTitle "GM"]
[WhiteElo "2445"]
[BlackElo "2673"]
[WhiteFideId "438804"]
[BlackFideId "400041"]
[EventDate "2024.02.19"]

1. e4 e5 2. Nf3 Nc6 3. Bb5 a6 4. Ba4 Nf6 5. O-O Bc5 6. c3 b5 7. Bc2 d6 8. d4 Ba7
9. a4 Bg4 10. axb5 axb5 11. Ra6 Bb6 12. Rxa8 Qxa8 13. d5 Ne7 14. Na3 Ng6 15. h3
Bd7 16. Nh2 O-O 17. Bd3 h6 18. Ng4 Nxg4 19. hxg4 Qc8 20. Be2 Nf4 21. Bf3 Qd8 22.
g3 Nh3+ 23. Kg2 Ng5 24. Bxg5 Qxg5 25. Qe2 g6 26. Nc2 f5 27. gxf5 gxf5 28. exf5
Bxf5 29. Be4 Bg4 30. f3 Bd7 31. Rh1 Rf7 32. Ra1 Rg7 33. Qe1 h5 34. Ra8+ Kf7 35.
Rh8 h4 36. Rh7 Rxh7 37. Bxh7 hxg3 38. Qxg3 Qd2+ 39. Kf1 Bh3+ 0-1

[Event "2nd Cambridge Int Open"]
[Site "Cambridge ENG"]
[Date "2024.02.24"]
[Round "9.3"]
[White "Tiviakov, Sergei"]
[Black "Sonis, Francesco"]
[Result "1-0"]
[WhiteTitle "GM"]
[BlackTitle "GM"]
[WhiteElo "2534"]
[BlackElo "2570"]
[WhiteFideId "1008013"]
[BlackFideId "895733"]
[EventDate "2024.02.19"]

1. e4 c5 2. Nf3 d6 3. Bb5+ Nd7 4. d4 cxd4 5. Qxd4 a6 6. Bxd7+ Bxd7 7. c4 Nf6 8.
Bg5 e6 9. Nc3 Bc6 10. O-O Be7 11. Rfe1 h6 12. Bd2 O-O 13. Qd3 Rc8 14. Nd4 Bd7
15. b3 Qc7 16. Rac1 Rfd8 17. h3 Be8 18. f4 Qb8 19. a4 Nd7 20. f5 Nc5 21. Qc2 Bf6
22. Be3 a5 23. Bf2 b6 24. Rcd1 Qb7 25. Bg3 Be5 26. Bh4 Rd7 27. Ncb5 Qb8 28. Nf3
exf5 29. exf5 f6 30. Nc3 Rb7 31. Nd5 Bc6 32. Nxe5 dxe5 33. Bxf6 gxf6 34. Nxf6+
Kg7 35. Ng4 Kh8 36. Nxe5 Rg7 37. Ng6+ Rxg6 38. fxg6 Qg3 39. Re7 Kg8 40. Qb2 Qxg6
41. Rd6 Qg5 42. Qe2 Qc1+ 43. Rd1 Qg5 44. Rd4 h5 45. h4 Qf6 46. Re5 Rc7 47. Qxh5
Rg7 48. Rg4 Ne6 49. Rxg7+ Nxg7 50. Qg5 Qd6 51. h5 Kh7 52. Re7 Qh6 53. Qxh6+ Kxh6
54. g4 Bf3 55. g5+ Kxh5 56. Rxg7 Bd1 57. Rb7 Bxb3 58. c5 1-0

[Event "2nd Cambridge Int Open"]
[Site "Cambridge ENG"]
[Date "2024.02.24"]
[Round "9.5"]
[White "Wachinger, Nikolas"]
[Black "Turner, Matthew J"]
[Result "1/2-1/2"]
[WhiteTitle "IM"]
[BlackTitle "GM"]
[WhiteElo "2432"]
[BlackElo "2447"]
[WhiteFideId "12962791"]
[BlackFideId "402893"]
[EventDate "2024.02.19"]

1. e4 e5 2. Nf3 Nc6 3. Bb5 a6 4. Ba4 Nf6 5. O-O Be7 6. Re1 b5 7. Bb3 d6 8. c3
O-O 9. h3 Nb8 10. d4 Nbd7 11. Bc2 Bb7 12. Nbd2 c5 13. Nf1 cxd4 14. cxd4 exd4 15.
Ng3 Re8 16. Nxd4 d5 17. exd5 Bxd5 1/2-1/2

[Event "2nd Cambridge Int Open"]
[Site "Cambridge ENG"]
[Date "2024.02.24"]
[Round "9.6"]
[White "Wadsworth, Matthew J"]
[Black "Pert, Richard G"]
[Result "1-0"]
[WhiteTitle "IM"]
[BlackTitle "IM"]
[WhiteElo "2444"]
[BlackElo "2413"]
[WhiteFideId "415804"]
[BlackFideId "404748"]
[EventDate "2024.02.19"]

1. d4 d5 2. c4 e6 3. Nf3 Nf6 4. g3 Bb4+ 5. Bd2 Be7 6. Bg2 O-O 7. O-O Nbd7 8. Bc3
c6 9. Nbd2 b5 10. c5 a5 11. b3 b4 12. Bb2 Ba6 13. Re1 Bb5 14. a3 bxa3 15. Rxa3
Qc7 16. Qc2 h6 17. e3 Ra7 18. Rea1 Rfa8 19. Bc3 Bd8 20. Qa2 Ra6 21. Nc4 Ne4 22.
Bxa5 Qb8 23. Bxd8 Qxd8 24. Na5 Nc3 25. Qd2 Nb1 26. Rxb1 Rxa5 27. Rxa5 Rxa5 28.
b4 Ra4 29. Bf1 Qb8 30. Qc2 Qb7 31. Ne1 Nb8 32. Bxb5 Qxb5 33. Qd3 Rxb4 34. Qxb5
Rxb5 35. Rxb5 cxb5 36. Kf1 Kf8 37. Ke2 Ke7 38. Kd2 Nc6 39. Kc3 f6 40. Nd3 Kd7
41. h4 g5 42. h5 e5 43. Nb4 exd4+ 44. exd4 Ne7 45. g4 Ke6 46. Nc2 f5 47. f3 Nc6
48. Ne3 f4 49. Nf5 b4+ 50. Kd3 Kf6 51. Nxh6 Ne7 52. Nf5 Nxf5 53. gxf5 g4 54. c6 1-0